000 00540nam a2200181Ia 4500
005 20250508154714.0
008 008 250505s9999 xx 000 0 eng d
037 _aTextual
040 _aFEDL
_beng
_cFEDL
041 _aeng
_2eng
084 _a410, LAD
_qFEDL
100 _aLado Robert
245 0 _aLinguistics across cultures : Applied linguistics for language teachers
260 _aAnn Arbor, USA
_bThe University of Michigan Press
_c1957
300 _a141p.
942 _cTEXL
_h410, LAD
999 _c1351689
_d1351689